Responses for Show #4826 - Monday, September 12, 2005

David Madden game 15.
First game of Season 22. New title graphics. Introduction of Kelly Miyahara and Jon Cannon of the Clue Crew.

Contestants

[<< previous game]

Willy Jay, an attorney originally from Churchville, Maryland

Catie Camille, a student from Rochester, New York

David Madden, a student originally from Ridgewood, New Jersey (whose 14-day cash winnings total $333,301)

[next game >>]

Jeopardy! Round responses

STATE OF THE UNION ADDRESSES
FRED THOMPSON, ACTING SENATOR
JUDAISM
"AIN" DROPS
A NEBRASKA CORNHUSKER, OR...
KISSING UP TO THE BOSS
    $200 23
the Great Depression

Willy
    $200 13
Law & Order

David
    $200 3
the Torah

Willy
    $200 7
romaine

David
    $200 30
Osborne

David
    $200 18
brownie

David
    $400 22
1790

David
    $400 2
Watergate

Catie
    $400 24
a marriage contract

Catie
    $400 25
quatrain

Willy
    $400 29
Rodgers

Willy
    $400 15
a teacher's pet

Willy
    $600 21
the Monroe Doctrine

David
    $600 4
The Hunt for Red October

Willy
    $600 17
the temple

Willy
    $600 20
ordain

David
    $600 27
(Catie: Who is... Louis?)

Frazier

DavidCatie
    $600 16
a yes man

Willy
    $1,000 9
Lincoln

David
    $800 5
In the Line of Fire

Catie
    $800 10
the Sabbath

David
    $800 12
the refrain

Catie
    $800 19
(Willy: Who is Sharpton?)
...
(Alex: We're not talking about Al Sharpton, we're talking about Al [*]. Ahman [*]...)

Green

Willy
Triple Stumper
    $800 26
a bootlicker

David
    $1000 1
uranium

Willy
    $1000 6
Racing Stripes

Catie
    $1000 8
Abraham, Isaac & Jacob

David
    $1000 11
Bahrain

David
    $1000 14
Frost

Willy
    $1000 28
a toady

Willy

Scores at the first commercial break (after clue 13):

David Catie Willy
$4,200 $3,000 $1,800

Scores at the end of the Jeopardy! Round:

David Catie Willy
$7,600 $2,800 $5,600

Double Jeopardy! Round responses

A BALTIC CRUISE
(Alex: This past summer I took a cruise... to Catalina. 26 miles across the sea. Our Clue Crew members, including the new members Kelly Miyahara and Jon Cannon, went on a cruise in the Baltic Sea! Shows you who rates on this program.)
THIS MOVIE IS A DISASTER!
BATTLE STATIONS
UNIVERSITY LATIN CLASS
POETIC LINES
2-LETTER ABBREV.
    $400 17
Mary

David
    $400 1
Twister

David
    $400 16
Santa Anna

Willy
    $400 7
my light

Willy
    $400 30
the bells

Willy
    $400 28
D.C.

David
    $800 19
Estonia

David
    $800 3
Independence Day

Willy
    $2,400 11
the Marne

Willy
    $800 8
Oregon

David
    $800 27
the Pied Piper

Willy
    $800 29
a DJ

David
    $1200 21
(Alex: And before we move on, we want to thank Lindblad Expeditions for showing our Clue Crew such a marvelous time on that cruise.)

Peter the Great

David
    $1200 4
Outbreak

Willy
    $1200 12
Antietam

David
    $1200 13
the law school

Willy
    $1200 25
Gunga Din

David
    $1200 26
GM

David
    $1600 20
Lübeck

David
    $1600 5
Deep Impact

Catie
    $1600 9
New York

Willy
    $1600 14
Trinity

Willy
    $1600 10
Rime of the Ancient Mariner

Triple Stumper
    $1600 24
the SS

David
    $2000 18
the Hanseatic League

Willy
    $2000 6
The Swarm

Triple Stumper
    $2000 2
Bonnie Prince Charlie

Willy
    $4,200 15
(Alex: I bet you meant to say $3,200 so you have an even $20,000, but you added a thousand; that's all right, here is the clue.)

"Veritas"

Willy
    $2000 22
Longfellow

David
    $2000 23
(Alex: Right, minute to go.)

GQ

David

Scores at the end of the Double Jeopardy! Round:

David Catie Willy
$23,200 $4,400 $24,600

[wagering suggestions for these scores]

Final Jeopardy! Round responses

BROADWAY MUSICALS
(Alex: Yes, "The Impossible Dream" was the song.)
...
(Alex: [After David pulls out a win] By the skin of his teeth!)
CatieWhat is Man of La Mancha?
$4,400
DavidWhat is Les Miserables?
$1,800
WillyWhat is Camelot?
$21,801
Man of La Mancha

Final scores:

David Catie Willy
$21,400 $8,800 $2,799
15-day champion: $354,701 2nd place: $2,000 3rd place: $1,000

Game dynamics:

Coryat scores:

David Catie Willy
$23,000 $4,400 $20,800
27 R
(including 1 DD),
0 W
6 R,
1 W
24 R
(including 2 DDs),
1 W

Combined Coryat: $48,200

[game clues] [game scores] [suggest correction]

Game tape date: 2005-07-20
The J! Archive is created by fans, for fans. Scraping, republication, monetization, and malicious use prohibited; this site may use cookies and collect identifying information. See terms. The Jeopardy! game show and all elements thereof, including but not limited to copyright and trademark thereto, are the property of Jeopardy Productions, Inc. and are protected under law. This website is not affiliated with, sponsored by, or operated by Jeopardy Productions, Inc. Join the discussion at JBoard.tv.